| 000 | 00327nam a22001217a 4500 | ||
|---|---|---|---|
| 008 | 160512b xxu||||| |||| 00| 0 eng d | ||
| 020 | _a9780060467043 | ||
| 020 | _a0060467045 | ||
| 041 | _aeng | ||
| 080 | _a61 | ||
| 245 |
_aPrinciples of anatomy and physiology: _cGerardd J. Tortora; Nicholas P. Anagnostakos; |
||
| 942 |
_2udc _cBK |
||
| 999 |
_c2084 _d2084 |
||